[Event "2 Bundesliga Mitte 2007/2008"]
[Site "Trofaiach"]
[Date "2007.11.11"]
[Round "4"]
[Board "2"]
[White "Kuba, Guenter"]
[Black "Hafner, Robert"]
[Result "1-0"]
[WhiteElo "2396"]
[BlackElo "2132"]
[PlyCount "63"]
[EventDate "2007.10.13"]
[EventType "team"]
[EventRounds "11"]
[EventCountry "AUT"]
[WhiteTeam "SK Sparkasse Fuerstenfeld"]
[BlackTeam "ESV ASKOE Admira Villach"]

1.e4 c6 2.d4 d5 3.Nd2 dxe4 4.Nxe4 Bf5 5.Ng3 Bg6 6.h4 h6 7.Nf3 Nd7 8.h5 Bh7 9.Bd3
Bxd3 10.Qxd3 Ngf6 11.Bf4 e6 12.O-O-O Be7 13.Qe2 O-O 14.Ne5 Re8 15.Rhe1 Qb6
16.Nxf7 Kxf7 17.Qxe6+ Kf8 18.Nf5 Ba3 19.Bd6+ Bxd6 20.Qxd6+ Kg8 21.Re7 Qa5
22.Rxg7+ Kh8 23.Qf4 Qxf5 24.Qxf5 Kxg7 25.Qg6+ Kf8 26.Qxh6+ Ke7 27.Re1+ Kf7
28.Qg6+ Kf8 29.Rxe8+ Rxe8 30.g4 Re7 31.g5 Nd5 32.h6

[Event "2 Bundesliga Mitte 2007/2008"]
[Site "Trofaiach"]
[Date "2007.11.11"]
[Round "4"]
[Board "3"]
[White "Frank, Paul"]
[Black "Wach, Markus"]
[Result "1/2-1/2"]
[WhiteElo "2201"]
[BlackElo "2386"]
[PlyCount "61"]
[EventDate "2007.10.13"]
[EventType "team"]
[EventRounds "11"]
[EventCountry "AUT"]
[WhiteTeam "ESV ASKOE Admira Villach"]
[BlackTeam "SK Sparkasse Fuerstenfeld"]

1.d4 d5 2.Nf3 Nf6 3.g3 c6 4.Bg2 Bf5 5.O-O h6 6.c4 e6 7.Nc3 Be7 8.Nd2 O-O 9.e4
dxe4 10.Ndxe4 Nbd7 11.Be3 Ng4 12.Bc1 Qa5 13.h3 Ngf6 14.Be3 Rfd8 15.Qb3 Nxe4
16.Nxe4 b5 17.cxb5 cxb5 18.Rac1 Rac8 19.g4 Bg6 20.g5 h5 21.d5 exd5 22.Rxc8 Rxc8
23.Qxd5 Rd8 24.Qb7 Qxa2 25.Qxb5 Qe6 26.Nc3 Ne5 27.Qb7 a5 28.Nd5 Bf8 29.Nf4 Qd6
30.Qb6 Nc4 31.Qxd6

[Event "2 Bundesliga Mitte 2007/2008"]
[Site "Trofaiach"]
[Date "2007.11.11"]
[Round "4"]
[Board "4"]
[White "Kilgus, Georg"]
[Black "Neff, Gregor"]
[Result "1/2-1/2"]
[WhiteElo "2354"]
[BlackElo "2136"]
[PlyCount "82"]
[EventDate "2007.10.13"]
[EventType "team"]
[EventRounds "11"]
[EventCountry "AUT"]
[WhiteTeam "SK Sparkasse Fuerstenfeld"]
[BlackTeam "ESV ASKOE Admira Villach"]

1.d4 Nf6 2.c4 e6 3.Nf3 Nc6 4.Nc3 Bb4 5.Qc2 d6 6.Bg5 h6 7.Bd2 O-O 8.a3 Bxc3
9.Bxc3 Qe7 10.e4 e5 11.d5 Nd4 12.Nxd4 exd4 13.Bxd4 Qxe4+ 14.Qxe4 Nxe4 15.Bd3 Re8
16.O-O-O Bd7 17.b4 a5 18.Rhe1 Nf6 19.Rxe8+ Nxe8 20.Kb2 f5 21.f3 Kf7 22.g3 Nf6
23.h3 h5 24.h4 axb4 25.axb4 b6 26.Be3 Ra4 27.Bd2 g6 28.Re1 Ra8 29.Bf4 b5 30.Bg5
bxc4 31.Bxc4 Rb8 32.Kb3 Bb5 33.Re6 Bxc4+ 34.Kxc4 Rxb4+ 35.Kxb4 Nxd5+ 36.Kc4 Kxe6
37.Kd3 Ke5 38.Bd8 f4 39.gxf4+ Nxf4+ 40.Ke3 Ng2+ 41.Kf2 Nf4 {Rest leider
unleserlich}

[Event "2 Bundesliga Mitte 2007/2008"]
[Site "Trofaiach"]
[Date "2007.11.11"]
[Round "4"]
[Board "5"]
[White "Frank, Dieter"]
[Black "Poetz, Florian"]
[Result "0-1"]
[WhiteElo "2153"]
[BlackElo "2174"]
[PlyCount "70"]
[EventDate "2007.10.13"]
[EventType "team"]
[EventRounds "11"]
[EventCountry "AUT"]
[WhiteTeam "ESV ASKOE Admira Villach"]
[BlackTeam "SK Sparkasse Fuerstenfeld"]

1.e4 c5 2.c3 d5 3.exd5 Qxd5 4.d4 Nf6 5.Nf3 e6 6.Be2 cxd4 7.cxd4 Bb4+ 8.Bd2 Bxd2+
9.Qxd2 O-O 10.Nc3 Qd6 11.Ne5 Rd8 12.Rd1 Nc6 13.Nxc6 Qxc6 14.O-O Qb6 15.Bf3 Bd7
16.Rfe1 Bc6 17.Bxc6 Qxc6 18.Re5 Nd5 19.Ne4 Rac8 20.Qe2 Qc2 21.Qf3 Qxb2 22.g3
Qxa2 23.Rh5 f5 24.Nc5 Nf6 25.Rg5 b6 26.Qb7 Ne8 27.Na6 h6 28.Rg6 Kh7 29.Qf7 Qxa6
30.g4 fxg4 31.Rxg4 Rc7 32.Qg6+ Kh8 33.Rf4 Nd6 34.Re1 Qb7 35.Rxe6 Rc1+

[Event "2 Bundesliga Mitte 2007/2008"]
[Site "Trofaiach"]
[Date "2007.11.11"]
[Round "4"]
[Board "6"]
[White "Radnetter, Georg"]
[Black "Revelant, Stefan"]
[Result "1-0"]
[WhiteElo "2106"]
[BlackElo "2108"]
[PlyCount "77"]
[EventDate "2007.10.13"]
[EventType "team"]
[EventRounds "11"]
[EventCountry "AUT"]
[WhiteTeam "SK Sparkasse Fuerstenfeld"]
[BlackTeam "ESV ASKOE Admira Villach"]

1.e4 c5 2.Nf3 d6 3.d4 cxd4 4.Nxd4 Nf6 5.Nc3 a6 6.Be2 e5 7.Nb3 Be6 8.O-O Nbd7
9.f4 Qc7 10.f5 Bc4 11.Bxc4 Qxc4 12.Qf3 b5 13.a3 Rc8 14.Be3 d5 15.exd5 e4 16.Qd1
Bd6 17.h3 O-O 18.Nd2 Qc7 19.Ndxe4 Nxe4 20.Nxe4 Bh2+ 21.Kh1 Rfe8 22.Qg4 h5 23.Qf3
Qe5 24.Ng5 Qxe3 25.Qxh5 Nf6 26.Qxf7+ Kh8 27.Ne6 Rxe6 28.fxe6 Be5 29.Rf3 Qe2
30.e7 Bxb2 31.Raf1 Bxa3 32.Rxf6 gxf6 33.Qxf6+ Kh7 34.Rf4 Qe1+ 35.Kh2 Qxe7
36.Qf5+ Kh6 37.Qxc8 Bd6 38.Qg4 Qe3 39.Qh4+

[Event "2 Bundesliga Mitte 2007/2008"]
[Site "Trofaiach"]
[Date "2007.11.11"]
[Round "4"]
[Board "2"]
[White "Butunoi, Alexandru"]
[Black "Stevic, Hrvoje"]
[Result "1/2-1/2"]
[WhiteElo "2403"]
[BlackElo "2531"]
[PlyCount "23"]
[EventDate "2007.10.13"]
[EventType "team"]
[EventRounds "11"]
[EventCountry "AUT"]
[WhiteTeam "Strassenbahn Graz"]
[BlackTeam "ZH Technologies Wolfsberg"]

1.e4 e5 2.Nf3 Nc6 3.Bb5 g6 4.c3 Nge7 5.d4 exd4 6.Nxd4 Bg7 7.Bg5 h6 8.Bh4 O-O
9.O-O Nxd4 10.cxd4 c6 11.Bc4 d5 12.Bxe7

[Event "2 Bundesliga Mitte 2007/2008"]
[Site "Trofaiach"]
[Date "2007.11.11"]
[Round "4"]
[Board "3"]
[White "Mikac, Matjaz"]
[Black "Supancic, Darko"]
[Result "1/2-1/2"]
[WhiteElo "2390"]
[BlackElo "2372"]
[PlyCount "27"]
[EventDate "2007.10.13"]
[EventType "team"]
[EventRounds "11"]
[EventCountry "AUT"]
[WhiteTeam "ZH Technologies Wolfsberg"]
[BlackTeam "Strassenbahn Graz"]

1.d4 d6 2.e4 Nf6 3.Nc3 g6 4.Nf3 Bg7 5.Be2 O-O 6.O-O Bg4 7.Be3 Nc6 8.d5 Bxf3
9.Bxf3 Ne5 10.Be2 c6 11.a4 cxd5 12.exd5 a6 13.a5 Rc8 14.Ra4

[Event "2 Bundesliga Mitte 2007/2008"]
[Site "Trofaiach"]
[Date "2007.11.11"]
[Round "4"]
[Board "4"]
[White "Krebs, Johann"]
[Black "Pesec, Franz"]
[Result "1-0"]
[WhiteElo "2241"]
[BlackElo "2231"]
[PlyCount "97"]
[EventDate "2007.10.13"]
[EventType "team"]
[EventRounds "11"]
[EventCountry "AUT"]
[WhiteTeam "Strassenbahn Graz"]
[BlackTeam "ZH Technologies Wolfsberg"]

1.d4 Nf6 2.c4 g6 3.Nc3 Bg7 4.e4 d6 5.Be2 O-O 6.Nf3 e5 7.O-O Nc6 8.d5 Ne7 9.Ne1
a6 10.Be3 Rb8 11.a4 c5 12.Nd3 a5 13.Rb1 b6 14.f4 Ne8 15.fxe5 dxe5 16.Bg5 f6
17.Bh4 Nd6 18.b3 Bd7 19.Bg4 h5 20.Bxd7 Qxd7 21.Qe2 Rbe8 22.Nb5 Nxb5 23.cxb5 Nc8
24.Nb2 Nd6 25.Nc4 Nxc4 26.bxc4 Qd6 27.Rb3 Rf7 28.Be1 Ref8 29.Bd2 f5 30.exf5 Rxf5
31.Rbf3 Rxf3 32.Rxf3 Rxf3 33.Qxf3 Bf6 34.h3 Qe7 35.Qe4 Kf7 36.Kf1 Qd7 37.g4 hxg4
38.hxg4 Qd6 39.Ke2 Be7 40.Qf3+ Qf6 41.Bc3 Ke8 42.Qxf6 Bxf6 43.Ke3 Kd7 44.Ke4 Kd6
45.Be1 Kd7 46.Bd2 Kd6 47.Bh6 Kd7 48.Bf8 Kd8 49.Bd6

[Event "2 Bundesliga Mitte 2007/2008"]
[Site "Trofaiach"]
[Date "2007.11.11"]
[Round "4"]
[Board "5"]
[White "Waldmann, Gerald"]
[Black "Kastner, Walter"]
[Result "1/2-1/2"]
[WhiteElo "2157"]
[BlackElo "2237"]
[PlyCount "30"]
[EventDate "2007.10.13"]
[EventType "team"]
[EventRounds "11"]
[EventCountry "AUT"]
[WhiteTeam "ZH Technologies Wolfsberg"]
[BlackTeam "Strassenbahn Graz"]

1.e4 e5 2.Nc3 Nf6 3.Bc4 Nxe4 4.Qh5 Nd6 5.Bb3 Be7 6.Nf3 Nc6 7.d3 O-O 8.h4 Ne8
9.Ng5 Nf6 10.Nxf7 Nxh5 11.Nxd8+ Kh8 12.Nf7+ Kg8 13.Nxe5+ Kh8 14.Nf7+ Kg8 15.Ne5+
Kh8

[Event "2 Bundesliga Mitte 2007/2008"]
[Site "Leoben"]
[Date "2008.01.25"]
[Round "5"]
[Board "1"]
[White "Kovacevic, Blazimir"]
[Black "Mihalcisin, Adrian"]
[Result "1/2-1/2"]
[WhiteElo "2482"]
[BlackElo "2525"]
[PlyCount "57"]
[EventDate "2007.10.13"]
[EventType "team"]
[EventRounds "11"]
[EventCountry "AUT"]
[WhiteTeam "SpG Raika Alpine Trofaiach"]
[BlackTeam "SK Leoben"]

1.c4 c5 2.Nf3 Nf6 3.Nc3 d5 4.cxd5 Nxd5 5.e3 Nxc3 6.bxc3 g6 7.d4 Bg7 8.Bb5+ Bd7
9.a4 O-O 10.O-O Qc7 11.Ba3 Bxb5 12.axb5 Nd7 13.Qb3 b6 14.Bb2 e5 15.Ra4 Rfc8
16.Qa2 e4 17.Nd2 Nf6 18.h3 cxd4 19.cxd4 Qd8 20.Qb3 Rc7 21.Rc1 Rxc1+ 22.Bxc1 Bf8
23.Bb2 Qd7 24.d5 Qxd5 25.Qxd5 Nxd5 26.Nxe4 Bg7 27.Bxg7 Kxg7 28.Rd4 Nf6 29.Nxf6

[Event "2 Bundesliga Mitte 2007/2008"]
[Site "Leoben"]
[Date "2008.01.25"]
[Round "5"]
[Board "2"]
[White "Horvath, Peter"]
[Black "Bukal, Vladimir Jun"]
[Result "1-0"]
[WhiteElo "2469"]
[BlackElo "2441"]
[PlyCount "111"]
[EventDate "2007.10.13"]
[EventType "team"]
[EventRounds "11"]
[EventCountry "AUT"]
[WhiteTeam "SK Leoben"]
[BlackTeam "SpG Raika Alpine Trofaiach"]

1.d4 g6 2.c4 Bg7 3.Nf3 c5 4.d5 d6 5.Nfd2 Nf6 6.Nc3 O-O 7.e4 e6 8.Be2 Re8 9.O-O
Na6 10.Kh1 Nc7 11.a4 b6 12.f3 Rb8 13.dxe6 Nxe6 14.Nb3 Nh5 15.Nd5 Nc7 16.Nxc7
Qxc7 17.g4 Nf6 18.Bf4 Re6 19.Qd2 Nd7 20.Rad1 Ne5 21.Nc1 Bb7 22.Na2 Rf8 23.Nc3 f5
24.Nb5 Qb8 25.exf5 gxf5 26.g5 Rf7 27.Rde1 Qa8 28.Kg2 Ng6 29.Bxd6 Rd7 30.Bd1 Rxe1
31.Qxe1 Qd8 32.Qe6+ Kh8 33.Re1 Qxg5+ 34.Kh1 Rd8 35.Qf7 Bc6 36.Qc7 Ba8 37.Rg1 Qf6
38.Qxa7 Bc6 39.Qxb6 Bxb5 40.cxb5 Qxd6 41.Qxd6 Rxd6 42.a5 Bd4 43.b6 c4 44.Re1 Rd5
45.Re8+ Kg7 46.b7 Ba7 47.Ba4 Nf4 48.h4 Rd2 49.Ra8 Rxb2 50.Rxa7 Rb1+ 51.Kh2 Rb2+
52.Kg1 Rb1+ 53.Kf2 Kf6 54.Ra6+ Ke5 55.Rb6 Nd3+ 56.Kg2

[Event "2 Bundesliga Mitte 2007/2008"]
[Site "Leoben"]
[Date "2008.01.25"]
[Round "5"]
[Board "3"]
[White "Zaja, Ivan"]
[Black "Bokros, Albert"]
[Result "1/2-1/2"]
[WhiteElo "2467"]
[BlackElo "2445"]
[PlyCount "86"]
[EventDate "2007.10.13"]
[EventType "team"]
[EventRounds "11"]
[EventCountry "AUT"]
[WhiteTeam "SpG Raika Alpine Trofaiach"]
[BlackTeam "SK Leoben"]

1.d4 Nf6 2.c4 e6 3.Nc3 Bb4 4.e3 O-O 5.Bd3 d5 6.Nf3 c5 7.O-O cxd4 8.exd4 dxc4
9.Bxc4 Nc6 10.Bg5 Be7 11.a3 b6 12.Qd3 Bb7 13.Rad1 Rc8 14.Ba2 Nd5? 15.Bb1 g6
16.h4 Nxc3 17.bxc3 Na5 18.Bh6 Re8 19.h5 Nc4 20.hxg6 hxg6 21.Ba2 Nb2 22.Qc2 Bxf3
23.gxf3 Bg5 24.Qxb2 Bxh6 25.Rfe1 Bf4 26.Kf1? Qh4 27.Re4 e5 28.dxe5 Rxe5 29.Qb4
Qh3+ 30.Ke2 Rce8 31.Rdd4 Kg7 32.Qc4 R8e7 33.Qb4 Re8 34.Qc4 R8e7 35.Qb4 Bg5
36.Qc4 Rf5 37.Qd3 Rfe5 38.Qc4 Bf6 39.Rxe5 Rxe5+ 40.Re4 Rxe4+ 41.fxe4 Qg4+ 42.Kf1
Qd1+ 43.Kg2 Qg4+

[Event "2 Bundesliga Mitte 2007/2008"]
[Site "Leoben"]
[Date "2008.01.25"]
[Round "5"]
[Board "4"]
[White "Dietmayer Kraeutler, Marco"]
[Black "Izsak, Gyula"]
[Result "1/2-1/2"]
[WhiteElo "2325"]
[BlackElo "2427"]
[PlyCount "86"]
[EventDate "2007.10.13"]
[EventType "team"]
[EventRounds "11"]
[EventCountry "AUT"]
[WhiteTeam "SK Leoben"]
[BlackTeam "SpG Raika Alpine Trofaiach"]

1.d4 Nf6 2.c4 e6 3.Nc3 d5 4.Nf3 Be7 5.e3 Nbd7 6.Qc2 O-O 7.b3 c6 8.Bd3 b6 9.O-O
Bb7 10.Bb2 Rc8 11.Rad1 Qc7 12.Ne5 g6 13.f4 Ne8 14.g4 Ng7 15.f5 Nxe5 16.dxe5 exf5
17.gxf5 Bg5 18.Rf3 Rcd8 19.Rdf1 b5 20.Ne2 bxc4 21.bxc4 dxc4 22.Qxc4 Qb6 23.Bd4
c5 24.Bxc5 Qc6 25.e4 Ba6 26.Qxa6 Qxc5+ 27.Kh1 Qxe5 28.Qc4 gxf5 29.exf5 Bf6
30.Rg1 Rfe8 31.Qg4 Kh8 32.Qf4 Qxf4 33.Nxf4 Rd4 34.Bc2 Be5 35.Nd3 Bf6 36.Bb3 Re7
37.Nf2 h5 38.Nd3 a5 39.Nf4 a4 40.Bd1 Re5 41.Nxh5 Nxh5 42.Rh3 Rh4 43.Rxh4 Bxh4

[Event "2 Bundesliga Mitte 2007/2008"]
[Site "Leoben"]
[Date "2008.01.25"]
[Round "5"]
[Board "5"]
[White "Mitter, Gerd"]
[Black "Benda, Herbert"]
[Result "1-0"]
[WhiteElo "2185"]
[BlackElo "2274"]
[PlyCount "107"]
[EventDate "2007.10.13"]
[EventType "team"]
[EventRounds "11"]
[EventCountry "AUT"]
[WhiteTeam "SpG Raika Alpine Trofaiach"]
[BlackTeam "SK Leoben"]

1.Nf3 d5 2.g3 Nf6 3.Bg2 c5 4.O-O Nc6 5.d4 e6 6.c4 dxc4 7.Qa4 Bd7 8.dxc5 Bxc5
9.Qxc4 Qe7 10.Bg5 Bb6? 11.Nbd2 h6 12.Qh4 Rg8 13.Bxf6 Qxf6 14.Qxf6 gxf6 15.Nc4
Bc7 16.Rfd1 Rc8 17.Nd4 Rg4 18.Bxc6 Bxc6 19.Nxc6 bxc6 20.Rac1 Rg5 21.Rd3 Rb5
22.Ra3 a5 23.Kg2 Ke7 24.Rc2 h5 25.Nd2 Bd6 26.Ra4 Rcb8 27.b3 Rd5 28.e4 Rd3
29.Rxa5 h4 30.Nc4 hxg3 31.hxg3 Bb4 32.Ra7+ Kf8 33.Rc7 Kg7 34.Rxc6 Rh8 35.Rc7 Rd1
36.a3 Bf8 37.b4 Rhh1 38.Ne3 Rhg1+ 39.Kf3 Ra1 40.R7c3 Bd6 41.Nc4 Bb8 42.b5 Raf1
43.Ne3 Ra1 44.b6 Rgb1 45.Nc4 Kg6 46.Rb2 Re1 47.b7 Kg5 48.Na5 f5 49.exf5 e5
50.Re2 Rec1 51.Ree3 Kxf5 52.g4+ Kg5 53.Rc8 f5 54.gxf5

[Event "2 Bundesliga Mitte 2007/2008"]
[Site "Leoben"]
[Date "2008.01.25"]
[Round "5"]
[Board "6"]
[White "Sandner, Wolfgang"]
[Black "Spirk, Stefan"]
[Result "1-0"]
[WhiteElo "2225"]
[BlackElo "2130"]
[PlyCount "71"]
[EventDate "2007.10.13"]
[EventType "team"]
[EventRounds "11"]
[EventCountry "AUT"]
[WhiteTeam "SK Leoben"]
[BlackTeam "SpG Raika Alpine Trofaiach"]

1.e4 e6 2.d3 d5 3.Nd2 Nf6 4.Ngf3 Be7 5.g3 c5 6.Bg2 Nc6 7.O-O O-O 8.e5 Nd7 9.Re1
b5 10.Nf1 a5 11.h4 h6 12.Bf4 b4 13.N1h2 a4 14.a3 bxa3 15.bxa3 Rb8 16.Ng4 Re8
17.c4 Nb6 18.Qc1 h5 19.Ne3 Nd4? 20.Rb1 Nxf3+ 21.Bxf3 d4 22.Nf1 g6 23.Nd2 Bb7
24.Bxb7 Rxb7 25.Ne4 Bf8 26.Nf6+ Kh8 27.Nxe8 Qxe8 28.Rb5 Rb8 29.Qb2 Nd7 30.Rb1
Rc8 31.Rb7 Bg7 32.Qb5 Rd8 33.Bg5 f6 34.exf6 Nxf6 35.Qxe8+ Rxe8 36.Rxg7

[Event "2 Bundesliga Mitte 2007/2008"]
[Site "Ansfelden"]
[Date "2008.01.25"]
[Round "5"]
[Board "1"]
[White "Hellmayr, Alois"]
[Black "Hirneise, Tobias"]
[Result "1/2-1/2"]
[WhiteElo "2320"]
[BlackElo "2287"]
[PlyCount "29"]
[EventDate "2007.10.13"]
[EventType "team"]
[EventRounds "11"]
[EventCountry "AUT"]
[WhiteTeam "SC Ansfelden 2"]
[BlackTeam "SpG VOecklabruck"]

1.c4 c6 2.d4 d5 3.cxd5 cxd5 4.Nf3 Nf6 5.Nc3 Nc6 6.Bf4 Bf5 7.e3 e6 8.Bd3 Bxd3
9.Qxd3 Bd6 10.Bxd6 Qxd6 11.O-O O-O 12.Rac1 Rac8 13.a3 a6 14.b4 b5 15.h3

[Event "2 Bundesliga Mitte 2007/2008"]
[Site "Ansfelden"]
[Date "2008.01.25"]
[Round "5"]
[Board "3"]
[White "Tkaczuk, Rainer"]
[Black "Hofmair, Klaus"]
[Result "1/2-1/2"]
[WhiteElo "2271"]
[BlackElo "2278"]
[PlyCount "33"]
[EventDate "2007.10.13"]
[EventType "team"]
[EventRounds "11"]
[EventCountry "AUT"]
[WhiteTeam "SC Ansfelden 2"]
[BlackTeam "SpG VOecklabruck"]

1.e4 e5 2.Nf3 Nc6 3.Bb5 f5 4.Nc3 fxe4 5.Nxe4 Nf6 6.Nxf6+ Qxf6 7.Qe2 Be7 8.Bxc6
dxc6 9.Qxe5 Bg4 10.Qxf6 Bxf6 11.c3 Bxf3 12.gxf3 O-O 13.d4 Be7 14.Ke2 Rf5 15.Be3
Raf8 16.Rhg1 Rxf3 17.Rg3

[Event "2 Bundesliga Mitte 2007/2008"]
[Site "Ansfelden"]
[Date "2008.01.25"]
[Round "5"]
[Board "4"]
[White "Panajotov, Radoslav"]
[Black "Casagrande, Harald"]
[Result "1/2-1/2"]
[WhiteElo "2260"]
[BlackElo "2341"]
[PlyCount "29"]
[EventDate "2007.10.13"]
[EventType "team"]
[EventRounds "11"]
[EventCountry "AUT"]
[WhiteTeam "SpG VOecklabruck"]
[BlackTeam "SC Ansfelden 2"]

1.e4 c6 2.d4 d5 3.Nc3 dxe4 4.Nxe4 Bf5 5.Ng3 Bg6 6.h4 h6 7.Nh3 e6 8.Nf4 Bh7 9.Bc4
Nf6 10.Nfh5 Nxh5 11.Nxh5 Nd7 12.c3 Nf6 13.Nxf6+ Qxf6 14.Bd3 Bxd3 15.Qxd3

[Event "2 Bundesliga Mitte 2007/2008"]
[Site "Ansfelden"]
[Date "2008.01.25"]
[Round "5"]
[Board "5"]
[White "Mittermayr, Gerhard"]
[Black "Mittendorfer, Josef"]
[Result "1/2-1/2"]
[WhiteElo "2129"]
[BlackElo "2113"]
[PlyCount "32"]
[EventDate "2007.10.13"]
[EventType "team"]
[EventRounds "11"]
[EventCountry "AUT"]
[WhiteTeam "SC Ansfelden 2"]
[BlackTeam "SpG VOecklabruck"]

1.e4 e5 2.Nf3 Nf6 3.Nxe5 d6 4.Nf3 Nxe4 5.d4 d5 6.Bd3 Be7 7.O-O O-O 8.c4 Bf5
9.Nc3 Nxc3 10.bxc3 Bxd3 11.Qxd3 c6 12.Bf4 Nd7 13.Rfe1 dxc4 14.Qxc4 Nb6 15.Qb3
Bd6 16.Bxd6 Qxd6

[Event "2 Bundesliga Mitte 2007/2008"]
[Site "Ansfelden"]
[Date "2008.01.25"]
[Round "5"]
[Board "6"]
[White "Mitzka, Franz"]
[Black "Einfalt, Peter"]
[Result "1/2-1/2"]
[WhiteElo "2026"]
[BlackElo "2082"]
[PlyCount "30"]
[EventDate "2007.10.13"]
[EventType "team"]
[EventRounds "11"]
[EventCountry "AUT"]
[WhiteTeam "SpG VOecklabruck"]
[BlackTeam "SC Ansfelden 2"]

1.Nf3 Nf6 2.g3 d5 3.Bg2 e6 4.O-O Be7 5.d3 O-O 6.Nbd2 c5 7.c3 Nc6 8.e4 b6 9.Qe2
Ba6 10.c4 d4 11.a3 e5 12.Re1 Bb7 13.Nf1 Qc7 14.Bg5 h6 15.Bxf6 Bxf6

[Event "2 Bundesliga Mitte 2007/2008"]
[Site "StVeit"]
[Date "2008.01.25"]
[Round "5"]
[Board "1"]
[White "Srienz, Christian"]
[Black "Tratar, Marko"]
[Result "0-1"]
[WhiteElo "2214"]
[BlackElo "2502"]
[PlyCount "84"]
[EventDate "2007.10.13"]
[EventType "team"]
[EventRounds "11"]
[EventCountry "AUT"]
[WhiteTeam "ESV ASKOE Admira Villach"]
[BlackTeam "Kl Zeitung MPOe Maria Saal"]

1.Nf3 d6 2.e4 Nf6 3.Nc3 e5 4.d4 Nbd7 5.Bc4 Be7 6.O-O O-O 7.Qe2 exd4 8.Nxd4 Ne5
9.Bb3 c5 10.Nf5 Bxf5 11.exf5 Qd7 12.Bd5 Rae8 13.a4 Nxd5 14.Nxd5 Qxf5 15.Ra3 Nc6
16.Rd3 Bf6 17.Qd1 Bd4 18.Ne3 Qe4 19.c3 Ne5 20.Rd2 Bxe3 21.fxe3 Qxe3+ 22.Kh1 Qe4
23.Rxd6 Nc4 24.Rd3 Re6 25.Rg3 Rd6 26.Qh5 b6 27.b3 Na5 28.b4 Nb3 29.Bf4 Rg6
30.Qd1 Rxg3 31.Bxg3 Qc4 32.Rf4 Qxc3 33.Rf3 Qd2 34.Qf1 Nd4 35.Rf2 Qxb4 36.Bd6 Re8
37.Rxf7 h6 38.Be7 Qb3 39.Rf8+ Rxf8 40.Qxf8+ Kh7 41.h3 Qb1+ 42.Kh2 Qf5

[Event "2 Bundesliga Mitte 2007/2008"]
[Site "StVeit"]
[Date "2008.01.25"]
[Round "5"]
[Board "2"]
[White "Ertl, Johann"]
[Black "Hafner, Robert"]
[Result "1/2-1/2"]
[WhiteElo "2234"]
[BlackElo "2132"]
[PlyCount "32"]
[EventDate "2007.10.13"]
[EventType "team"]
[EventRounds "11"]
[EventCountry "AUT"]
[WhiteTeam "Kl Zeitung MPOe Maria Saal"]
[BlackTeam "ESV ASKOE Admira Villach"]

1.e4 c6 2.Nc3 d5 3.Nf3 Bg4 4.h3 Bxf3 5.Qxf3 e6 6.a3 Nf6 7.d3 Be7 8.g4 Na6 9.Bg2
Nc7 10.Qg3 O-O 11.O-O b5 12.Ne2 a5 13.Bf4 Rc8 14.c4 Na6 15.cxb5 cxb5 16.Rac1 Nc5

[Event "2 Bundesliga Mitte 2007/2008"]
[Site "StVeit"]
[Date "2008.01.25"]
[Round "5"]
[Board "3"]
[White "Frank, Paul"]
[Black "Horvath, Gabor"]
[Result "0-1"]
[WhiteElo "2201"]
[BlackElo "2292"]
[PlyCount "80"]
[EventDate "2007.10.13"]
[EventType "team"]
[EventRounds "11"]
[EventCountry "AUT"]
[WhiteTeam "ESV ASKOE Admira Villach"]
[BlackTeam "Kl Zeitung MPOe Maria Saal"]

1.d4 Nf6 2.Nf3 g6 3.g3 Bg7 4.Bg2 O-O 5.O-O d6 6.c4 Nbd7 7.Nc3 e5 8.e4 c6 9.h3
Re8 10.Be3 exd4 11.Nxd4 Nc5 12.Qc2 Qe7 13.f3 Nh5 14.g4 Nf4 15.Rad1 Nxg2 16.Qxg2
Be6 17.b3 d5 18.cxd5 cxd5 19.Nxe6 fxe6 20.Bd4 Bxd4+ 21.Rxd4 Nxb3 22.axb3 Qc5
23.Qd2 e5 24.Nxd5 Red8 25.Rc1 Qxd4+ 26.Qxd4 exd4 27.Rc7 Rf8 28.f4 Rf7 29.Rc4 d3
30.Kf2 a5 31.Ke3 b5 32.Rd4 Rb7 33.Nc3 a4 34.bxa4 b4 35.Nd1 Rxa4 36.Kxd3 Ra2
37.Kc4 b3 38.Nc3 Ra1 39.Rd8+ Kg7 40.Nd1 Rc1+

[Event "2 Bundesliga Mitte 2007/2008"]
[Site "StVeit"]
[Date "2008.01.25"]
[Round "5"]
[Board "4"]
[White "Halvax, Georg"]
[Black "Neff, Gregor"]
[Result "1-0"]
[WhiteElo "2059"]
[BlackElo "2136"]
[PlyCount "61"]
[EventDate "2007.10.13"]
[EventType "team"]
[EventRounds "11"]
[EventCountry "AUT"]
[WhiteTeam "Kl Zeitung MPOe Maria Saal"]
[BlackTeam "ESV ASKOE Admira Villach"]

1.e4 e6 2.d3 d5 3.Nd2 c5 4.Ngf3 Nc6 5.g3 Bd6 6.Bg2 Nge7 7.O-O O-O 8.Re1 Qc7 9.c3
Bd7 10.Nf1 f6 11.Nh4 Rab8 12.f4 b5 13.Qe2 d4 14.Nf3 e5 15.f5 Nc8 16.g4 Nb6 17.g5
fxg5 18.Nxg5 Be7 19.Ng3 Bxg5 20.Bxg5 c4 21.Rac1 Qd6 22.Red1 h6 23.Bd2 Rbc8
24.Kh1 Rc7 25.Bf3 cxd3 26.Qxd3 Nc4 27.Rg1 Nxd2 28.Qxd2 Be8 29.Bh5 Bxh5 30.Nxh5
Rcf7 31.Rg6

[Event "2 Bundesliga Mitte 2007/2008"]
[Site "StVeit"]
[Date "2008.01.25"]
[Round "5"]
[Board "5"]
[White "Bergen, Peter"]
[Black "Lako, Laszlo"]
[Result "1/2-1/2"]
[WhiteElo "2219"]
[BlackElo "2178"]
[PlyCount "41"]
[EventDate "2007.10.13"]
[EventType "team"]
[EventRounds "11"]
[EventCountry "AUT"]
[WhiteTeam "ESV ASKOE Admira Villach"]
[BlackTeam "Kl Zeitung MPOe Maria Saal"]

1.d4 Nf6 2.c4 c5 3.d5 b5 4.a4 b4 5.g3 Bb7 6.Bg2 e5 7.e4 g6 8.Ne2 d6 9.O-O Nbd7
10.h3 Qe7 11.Nd2 a5 12.Qc2 h5 13.Nb3 Bh6 14.Bxh6 Rxh6 15.Qd2 Rh8 16.Nbc1 Ba6
17.b3 O-O-O 18.Nd3 Nh7 19.f4 f6 20.Rae1 Qg7 21.fxe5

[Event "2 Bundesliga Mitte 2007/2008"]
[Site "StVeit"]
[Date "2008.01.25"]
[Round "5"]
[Board "6"]
[White "Eichert, Wolfgang"]
[Black "Hartl, Daniel"]
[Result "0-1"]
[WhiteElo "2147"]
[BlackElo "2063"]
[PlyCount "78"]
[EventDate "2007.10.13"]
[EventType "team"]
[EventRounds "11"]
[EventCountry "AUT"]
[WhiteTeam "Kl Zeitung MPOe Maria Saal"]
[BlackTeam "ESV ASKOE Admira Villach"]

1.e4 Nf6 2.e5 Nd5 3.d4 d6 4.Nf3 Bg4 5.Be2 e6 6.O-O Nc6 7.c4 Nb6 8.exd6 cxd6 9.d5
exd5 10.cxd5 Bxf3 11.Bxf3 Ne5 12.Re1 Be7 13.Be4 O-O 14.Nc3 Bf6 15.Re3 Re8 16.Rh3
g6 17.Bc2 Rc8 18.Bf4 Rc4 19.Qc1 Bg7 20.Bb3 Rc7 21.Bh6 f5 22.Bxg7 Rxg7 23.Nb5 a6
24.Nd4 Rc7 25.Qh6 Ng4 26.Qd2 Nc4 27.Bxc4 Rxc4 28.b3 Rc8 29.Ne6 Qf6 30.Rd1 Re7
31.Qb4 Qb2 32.Qxd6 Qxf2+ 33.Kh1 Qe2 34.Rb1 Nf2+ 35.Kg1 Nxh3+ 36.gxh3 Qe3+ 37.Kf1
Qd3+ 38.Kf2 Rc2+ 39.Kg1 Qe3+

[Event "2 Bundesliga Mitte 2007/2008"]
[Site "StVeit"]
[Date "2008.01.25"]
[Round "5"]
[Board "1"]
[White "Vajda, Levente"]
[Black "Rogic, Davor"]
[Result "1/2-1/2"]
[WhiteElo "2564"]
[BlackElo "2505"]
[PlyCount "77"]
[EventDate "2007.10.13"]
[EventType "team"]
[EventRounds "11"]
[EventCountry "AUT"]
[WhiteTeam "ZH Technologies Wolfsberg"]
[BlackTeam "SV ASVOe Raika St Veit/Glan"]

1.e4 e5 2.Nf3 Nc6 3.Bb5 a6 4.Bxc6 dxc6 5.O-O Bg4 6.h3 Bxf3 7.Qxf3 Qd7 8.Qe3 Bd6
9.Nc3 Ne7 10.Ne2 c5 11.b3 O-O 12.Bb2 Ng6 13.a4 a5 14.Qc3 Kh8 15.Ng3 Nf4 16.Rae1
Rfe8 17.Nf5 Bf8 18.Kh2 Ne6 19.Ne3 b6 20.Nc4 f6 21.Qg3 Rab8 22.Qg4 c6 23.Bc3 Qc7
24.Ne3 Rbd8 25.g3 Qd7 26.Kg2 Bd6 27.f4 exf4 28.gxf4 Qc7 29.e5 fxe5 30.fxe5 Bxe5
31.Nd5 cxd5 32.Bxe5 Qd7 33.Kh2 Re7 34.Rf6 Rde8 35.Rxe6 Rxe6 36.Bxg7+ Qxg7
37.Rxe6 Rxe6 38.Qxe6 Qd4 39.Qe2